S. 1893 -- State Children's Health Insurance Program Reauthorization Act of FY2007.

Bibliographic Details
Corporate Authors: U.S. Senate Republican Policy Committee, ProQuest (Firm)
Format: eBook
Language:English
Published: [Washington] : [U.S. G.P.O.], 2007.
Series:U.S. Congressional Research.
Subjects:
Online Access:Connect to the full text of this electronic book

MARC

Tag First Indicator Second Indicator Subfields
LEADER 00000cam a22000001a 4500
001 in00003343213
006 m d f
007 cr bn mmmapmmp
008 110210s2007 dcu o f000 0 eng d
005 20260429203544.0
035 |a cis2007805355 
040 |a ProQuest  |c ProQuest  |d UtOrBLW 
043 |a n-us--- 
099 |a CMP-2007-SER-0057 
110 2 |a U.S. Senate Republican Policy Committee. 
245 1 0 |a S. 1893 -- State Children's Health Insurance Program Reauthorization Act of FY2007. 
264 1 |a [Washington] :  |b [U.S. G.P.O.],  |c 2007. 
300 |a 1 online resource. 
336 |a text  |b txt  |2 rdacontent 
337 |a computer  |b c  |2 rdamedia 
338 |a online resource  |b cr  |2 rdacarrier 
500 |a Record is based on bibliographic data in ProQuest U.S. Congressional Research Digital Collection. Reuse except for individual research requires license from ProQuest, LLC. 
500 |a Electronic resource. 
650 0 |a Health insurance  |x Law and legislation  |z United States. 
650 0 |a Child health services  |x Law and legislation  |z United States. 
650 0 |a Medical care  |x Law and legislation  |z United States. 
655 7 |a Electronic books.  |2 local 
710 2 |a ProQuest (Firm) 
776 0 8 |i Print version:   |a U.S. Senate Republican Policy Committee.  |t S. 1893 -- State Children's Health Insurance Program Reauthorization Act of FY2007 
776 0 8 |i Microfiche version:   |a U.S. Senate Republican Policy Committee.  |t S. 1893 -- State Children's Health Insurance Program Reauthorization Act of FY2007.  |d [Bethesda, Md.] : ProQuest,[2004]  |o CIS 2008 S962-29  |w (ProQuest)cis200803332 
830 0 |a U.S. Congressional Research. 
856 4 0 |u http://proxy.library.tamu.edu/login?url=https://congressional.proquest.com/congcomp/getdoc?CRDC-ID=CMP-2007-SER-0057  |z Connect to the full text of this electronic book  |t 0 
998 |a cis200803332 
999 |a MARS 
999 f f |s 45c8a77a-5903-3f03-90c1-adac052203c2  |i 47e0a8a9-a34b-3dad-b081-cdf690a44980  |t 0 
952 f f |a Texas A&M University  |b College Station  |c Electronic Resources  |s www_evans  |d Available Online  |t 0  |e CMP-2007-SER-0057  |h Other scheme 
998 f f |a CMP-2007-SER-0057  |t 0  |l Available Online